Quizzes
Events
Quiz Creation
Community
Videos
Private Events
Remove Ads
Sign In
Join for FREE
Feedback
Dark Mode
Quiz Categories
Sports
Geography
Music
Movies
Television
Just For Fun
Miscellaneous
History
Literature
Language
Science
Gaming
Entertainment
Religion
Holiday
For Kids
Quiz Lab
Recent
Popular Today
Quiz Kudos Today
Editor Picks
Curator Picks
Quizzes by...
Day
Popularity
Type
Ratings
Length
Year
Community
Subscriptions
Recent Discussions
Orange Saloon
Badges
Playlists
Quests
Create
Leaderboards
Showdown
Live 5
Trivia Bingo
Activity
Puzzle Library
Sporcle Events
Private Events
Virtual Trivia
Globe League
Become a Host
Pub Owners
SporcleCon
Opinionation
Our Games
Videos
Blog
Mobile Apps
Partnerships
Remove Ads and Go Orange
Feedback
Music
Pop Music
The Beatles
Song
Album
Lyrics
Bands
Singers
Artist
Clip
Rock
Rap
Classical
Billboard
Country Music
Kpop
Taylor Swift
Music
Pop Music
The Beatles
Song
Album
Lyrics
Bands
Singers
Artist
Clip
Rock
Rap
Classical
Billboard
Country Music
Kpop
Taylor Swift
Random Quiz
Search Sporcle
×
Quiz Lab
Quiz Lab
Music
Artist
Type in answers that appear in a list
Type in answers that appear in a list
Classic
Best Score? Go Orange.
UK Number Twos (Part 5 BMRB 1973-6) Stats
Can you name the UK number twos from January 1973 to December 1976?
By
mrdannydoodah
10m
61 Questions
32 Plays
32 Plays
32 Plays
Comments
Comments
Give Quiz Kudos
Give Quiz Kudos
-
- Ratings
hide this ad
More Info
Replay
Link that replays current quiz
Next Quiz
Link to next quiz in quiz playlist
You Got
0%
They Got
Avg Score
39%
Avg Friend Score
Upgrade to see
Score Distribution
Jump to the score distribution portion of the page
Score
0/61
Timer
10:00
0
Plays Today
Month and Year
Single
% Correct
November 1974
Killer Queen
87.5%
December 1974
You Ain't Seen Nothing Yet
81.3%
March 1976
Convoy
78.1%
May 1975
Loving You
75%
September 1973
Ballroom Blitz
65.6%
December 1973
Paper Roses
65.6%
October 1974
Rock Me Gently
65.6%
February 1973
Part Of The Union
62.5%
June 1974
This Town Ain't Big Enough For The Both Of Us
62.5%
November 1975
Love Is The Drug
62.5%
June 1976
Silly Love Songs
62.5%
April 1975
Honey
59.4%
March 1974
The Air That I Breathe
56.3%
December 1975
The Trail Of The Lonesome Pine
56.3%
March 1974
The Most Beautiful Girl
53.1%
January 1975
Streets Of London
53.1%
November 1975
You Sexy Thing
53.1%
December 1975
I Believe In Father Christmas
53.1%
December 1973
My Coo Ca Choo
50%
January 1976
Glass Of Champagne
50%
August 1976
Let 'Em In
50%
November 1976
You Make Me Feel Like Dancing
50%
January 1973
The Jean Genie
46.9%
February 1975
Please Mr. Postman
46.9%
September 1975
The Last Farewell
43.8%
May 1973
Hell Raiser
40.6%
September 1973
Dancin' (On A Saturday Night)
40.6%
January 1975
Never Can Say Goodbye
40.6%
July 1976
Young Hearts Run Free
40.6%
December 1976
Somebody To Love
40.6%
August 1973
Yesterday Once More
37.5%
Month and Year
Single
% Correct
April 1974
The Cat Crept In
37.5%
April 1975
Fox On The Run
37.5%
January 1973
Solid Gold Easy Action
34.4%
January 1974
The Show Must Go On
31.3%
January 1974
Teenage Rampage
31.3%
March 1976
Love Really Hurts Without You
31.3%
July 1976
A Little Bit More
31.3%
August 1974
Born With A Smile On My Face
28.1%
September 1975
Moonlighting
28.1%
September 1976
The Killing Of Georgie
28.1%
November 1973
Let Me In
25%
May 1974
Shang-A-Lang
25%
January 1975
Wombling Merry Christmas
25%
March 1975
There's A Whole Lot Of Loving
25%
February 1973
Do You Wanna Touch Me? (Oh Yeah)
21.9%
July 1974
Kissin' In The Back Row Of The Movies
21.9%
October 1974
Far Far Away
21.9%
July 1975
Misty
21.9%
September 1976
Can't Get By Without You
21.9%
October 1973
My Friend Stan
18.8%
July 1976
You Just Might See Me Cry
18.8%
March 1973
Cindy Incidentally
15.6%
June 1974
Hey Rock And Roll
15.6%
August 1974
You Make Me Feel Brand New
12.5%
September 1974
I'm Leaving It (All) Up To You
12.5%
December 1974
Oh Yes! You're Beautiful
9.4%
April 1976
You See The Trouble With Me
9.4%
February 1975
Goodbye My Love
6.3%
April 1973
Hello! Hello! I'm Back Again
3.1%
October 1976
When Forever Has Gone
3.1%
Quiz Playlist
Details
Report
Send in Message
Add To Playlist
More Info:
Can you name all the singles that reached number two in the BMRB chart between January 1973 and December 1976 without ever reaching the top spot?
Classic:
Type in answers that appear in a list
Last Updated: Feb 16, 2017
Quiz Scoreboard
CHALLENGE
Sign Up to Join the Scoreboard
Show All
Scores
Hide
Comments
May contain spoilers
Recently Published
Movies - When Are They Set?
by FPL_Elf
Movies
5m
Popular People in 1961
by mucciniale
History
6m
1-10 Letter E Words III
by El_Dandy
Language
2m
More to Explore
Quiz From the Vault
Featured Blog Post
Where Did the Easter Bunny Come From?
hide this ad
You Might Also Like...
Tags
Artist Quiz
month
Single
Today's Top Quizzes in Music
Browse Music
hide this ad
Today's Top Quizzes in Artist
Browse Artist
Top Contributed Quizzes in Music
1
Taylor Swift All Songs (2024)
2
2010s Album by Cover III
3
One Thing in Common: Music
4
Guess the Artist- 70s Songs
5
Taylor Swift Logic Puzzle
6
Guess the Taylor Swift song (Mystery Song)
7
2010s Album by Cover IV
8
2010s Album by Cover V
9
KPOP LOGIC QUIZ
10
2010s Album by Cover VI
Explore More
Trending Topics
Anime
Disney
Crossword
Harry Potter
Marvel
NBA
Kpop
Song
NFL
Soccer
WWE
Pokémon
Puzzle
Country
The Office
hide this ad
More By:
mrdannydoodah
Quiz
Plays
Rating
Category
Featured
Created
Royal Given Names of Queen Victoria's Grandchildren
4,467
3.33
History
Sep 6, 2015
Royal Given Names of Queen Victoria's Children
2,659
4.25
History
Sep 6, 2015
Royal Baby Names of first born UK heirs.
1,545
4.00
History
Jul 22, 2013
Royal Names (Edward VII's descendants' names)
1,110
3.33
History
Jul 18, 2013
Coronation Street Millennians
846
3.00
Television
Jul 15, 2015
Go to Creator's Profile
Score Distribution
Quiz Creator Spotlight
mrdannydoodah
Follow
Send a Message
Quizzes Created
-
Created Quiz Play Count
-
More By This Creator
Popular Quizzes Today
1
Find the Countries of Europe - No Outlines Minefield
2
Find the US States - No Outlines Minefield
3
The Countries of the World
4
Popular People in 1961
5
1-10 Letter E Words III
6
US States
7
Find the US States
8
One Thing in Common: World Cities II
More Music Quizzes
'Midnights' Songs by 4 Words
Quiz Lab
Trending Quizzes
Risky Map Clicking: Least Populous States A-Z
Humor Books: The Subtitles
1-10 Letter F Words
1-10 Letter G Words
One Thing in Common: United Kingdom
Recently Updated
Leaping Animals
pecheneg
Reality TV Shows (A-Z)
bhenderson79
Rickey Henderson's Hall of Fame Teammates
pecheneg
Champions League XIs: Arsenal
pecheneg
Quick Pick: Celebrities in WWE's Hall of Fame
aduchscher
A-Z Keypad Blitz II
pecheneg
Multiple Oscar Actors
pecheneg
Mystery Phrase Blitz: Oscar 'Best Actors'
pecheneg
F. Scott Fitzgerald Novels
LTH
Pick 3 Villains
ddd62291
Trending Topics
Disney
NBA
Crossword
Anime
Harry Potter
Marvel
Kpop
Song
Country
The Office
Puzzle
Soccer
NFL
WWE
Pokémon
Your Account Isn't Verified!
In order to create a playlist on Sporcle, you need to verify the email address you used during registration. Go to your
Sporcle Settings
to finish the process.
Report this User
Report this user for behavior that violates our
Community Guidelines
.
Details:
Send Report
Go to the Sporcle.com Mobile Site →
Comments